000 00222 a2200097 4500
001 48320
100 _aBeaumont, R.A
245 _aAeronautical engineering
260 _aLondon
_bOdhams press ltd
_c
090 _c31270
_d31270
942 _aNUST-CAE
_cM
_c23637
999 _c283393
_d283393